000 00578nam a22001577a 4500
999 _c181878
_d181878
005 20211007153443.0
010 _aEN230921
020 _a9789389152371
_c699.00
037 _bWestland Publications
100 _aVarna,Pavan K,
245 _aThe greatest ode to lord ram Tulsidas’s Ramcharitmanas selections & commentaries /
_cby Pavan K, Varna
260 _aChennai
_bWestland Publications
_c2020
270 _bChennai
_a1st Floor,A Block,East Wing,Plot No.40,SP Infocity,Dr MGR Salai,Perungudi,Kandanchavadi,
_e600096
300 _axii,349p.
_c24cm(Hb)
942 _2ddc
_cEN
_mVAR